Statistics for NFL - 2016 Raiders Roster

Click here to take the quiz!

General Stats

  • This quiz has been taken 13 times
  • The average score is 10 of 22

Answer Stats

HintAnswer% Correct
QBDerek Carr
100%
WRAmari Cooper
83%
WRMichael Crabtree
83%
DEKhalil Mack
67%
RBLatavius Murray
67%
CRodney Hudson
58%
LBBruce Irvin
50%
LGKelechi Osemele
50%
LBMalcolm Smith
50%
CBSean Smith
50%
LTDonald Penn
42%
RTAustin Howard
33%
TEClive Walford
33%
DTDan Williams
33%
CBDavid Amerson
33%
FSReggie Nelson
33%
WRAndre Holmes
25%
RGGabe Jackson
25%
DEJihad Ward
25%
SSKarl Joseph
25%
MLBPerry Riley
25%
DTStacy McGee
25%

Score Distribution

Percentile by Number Answered

Percent of People with Each Score

Your Score History

You have not taken this quiz